ბათუმის შოთა რუსთაველის სახელმწიფო უნივერსიტეტის ბიბლიოთეკა

ტაო-კლარჯეთის ძეგლების 2019 წლის საკვლევი ექსპედიციების ანგარიშები / (ბიბ.ჩანაწერი № 58471)

000 -ლიდერი
ფიქსირებული სიგრძის საკონტროლო ველი 01607nam a22002417a 4500
003 - საკონტროლო ნომრის იდენტიფიკატორი
საკონტროლო ველი Ge_BSU
005 - ბოლო ოპერაციის თარიღი და დრო
საკონტროლო ველი 20220324124043.0
008 - ფიქსირებული სიგრძის მონაცემთა ელემენტები - ზოგადი ინფორმაცია
ფიქსირებული სიგრძის საკონტროლო ველი 220324s2021 ge ||||| |||| 00| 0 geo d
020 ## - წიგნის საერთაშორისო სტანდარტული ნომერი
International Standard Book Number 9789941974632
041 ## - ენის კოდი
Language code of text/sound track or separate title geo
080 ## - უნივერსალური ათობითი კლასიფიკაციის ინდექსი
Universal Decimal Classification number 726:27.523.4(=353.1)(560) ტ-26
245 ## - ცნობა სათაურის შესახებ
Title ტაო-კლარჯეთის ძეგლების 2019 წლის საკვლევი ექსპედიციების ანგარიშები /
Statement of responsibility, etc [ავტორთა ჯგუფი: თ. ხუციშვილი, ბ. გოზალიშვილი, ა. იმედაშვილი, შ. კოღუაშვილი [და სხვა]].
264 ## - წარმოების, გამოცემის, დისტრიბუციის და სხვა ცნობები
გამოცემის, წარმოების, დისტრიბუციის... ადგილი თბილისი :
გამოცემის, წარმოების, დისტრიბუციის... სახელწოდება კავკასიის უნივერსიტეტის გამომცემლობა,
გამოცემის, წარმოების, დისტრიბუციის... თარიღი 2021.
300 ## - ფიზიკური აღწერა
Extent 136 გვ. :
Other physical details ფოტ. ;
Dimensions 29 სმ.
500 ## - ზოგადი შენიშვნა
General note იბეჭდება საქართველოს კულტურისა და ტურისტული რესურსების კვლევის ცენტრის დაფინანსებით.
504 ## - BIBLIOGRAPHY, ETC. NOTE
Bibliography, etc ბიბლიოგრაფია: გვ. 133.
653 ## - INDEX TERM--UNCONTROLLED
Uncontrolled term ტაო-კლარჯეთის ძეგლები
700 ## - ADDED ENTRY--PERSONAL NAME
Personal name ხუციშვილი, თეიმურაზ
Relator term ავტორი
9 (RLIN) 5232
700 ## - ADDED ENTRY--PERSONAL NAME
Personal name გოზალიშვილი, ბებურ
Relator term ავტორი
9 (RLIN) 5233
700 ## - ADDED ENTRY--PERSONAL NAME
Personal name იმედაშვილი, ანა
Relator term ავტორი
9 (RLIN) 5234
773 ## - HOST ITEM ENTRY
Title ნაჩუქარი
942 ## - ADDED ENTRY ELEMENTS (KOHA)
Source of classification or shelving scheme
Koha item type წიგნი
ეგზემპლარები
ჩამოწერის სტატუსი დაკარგული ეგზემპლარის სტატუსი კლასიფიკაციის წყარო ან თაროზე გაწყობის სქემა დაზიანების სტატუსი არ გაიცემა მუდმივი მდებარეობა (დაცვის ადგილი) ამჟამინდელი ადგილსამყოფელი თაროზე განთავსების ადგილი შეძენის თარიღი ღირებულება, შესყიდვის ნორმალური ფასი სრული შენახვის შიფრი შტრიხკოდი ბოლო ოპერაციის თარიღი ეგზემპლარის მიმდევრობითი ნომერი (კეტერი?) ფასის ძალაში შესვლის თარიღი ეგზემპლარის სახეობა საჯარო შენიშვნა
          ბათუმის შოთა რუსთაველის სახელმწიფო უნივერსიტეტის მთავარი ბიბლიოთეკა ბათუმის შოთა რუსთაველის სახელმწიფო უნივერსიტეტის მთავარი ბიბლიოთეკა წიგნსაცავი 2022-03-24 101.00 726:27.523.4(=353.1)(560) ტ-26 62197 2022-03-24 62197 2022-03-24 წიგნი 10 ლ.